00820 a2200205 4500999001900000005001700019010001500036020003100051035001400082037001300096082001500109100002200124245013400146260003400280270010300314300002200417700001500439942003400454952012600488 c183487d18348720211227120711.0 aENG-130670 a978-93-89136-80-7c4000.00 aEN-114202 bDBAD/PUB a745.095475 aFischer, Eberhard aArt for Tribal Rituals in South Gujarat, India A visual Anthropological Survey of 1969:cEdited by Eberhard Fischer and Haku Shah aNew DelhibNiyogi Booksc2021 aBlock D, Building No. 77, Okhla Industrial Area, Phase-IbNew Delhie110020mniyogibooks@gmail.com a527p.c30cm (hbk) aShah, Haku adplcEN2ddch745.095475mFIS 001040718REFaAVbAVd2021-12-27eDBAD/PUBg4000.00l0o745.095475 FISpEN-114202r2021-12-27 00:00:00t1v4000.00yEN